LEADER 00920nam a2200241 i 4500 001 000000196458 003 CaOOAMICUS 005 20140721000000.0 008 140721s1938 it u000 u fre u 013 $a175140 040 $aSeMil$bita 100 1 $aWillems, Walter.$0(OLS)http://semarc/name/71201 245 10$aIntroduction au Soulier de satin /$cWalter Willems. 260 $aBruxelles :$bL'Édition Universelle,$c1938. 300 $a125 p. ;$c19 cm. 500 $aFondo card. Giovanni Colombo. 600 14$aClaudel, Paul <1868-1955>.$0(OLS)http://semarc/subject/9918 850 $aSeMil 852 $aSeMil$W1$xVenegono$y1$m3GC II 110$j147021$B147021$CSeMilBibl$Z2$F158629 $8B 941 1 $a3 961 $aLascito: Colombo Card. Giovanni 996 $6245$aIntroduction au Soulier de satin$9(OLS)http://semarc/title/283651 996 $6260$aBruxelles :$bL'Édition Universelle$9(OLS)http://semarc/publisher/30133 LEADER 00930nam a2200229 i 4500 001 000000072482 003 CaOOAMICUS 005 20090327000000.0 008 090327s1939 it u000 u ita u 013 $a43654 040 $aSeMil$bita 100 1 $aMaturin, Basil William <1847-1915>.$0(OLS)http://semarc/name/35892 245 10$aDella conoscenza e del governo di sè /$cB. W. Maturin ; introduzione e traduzione di Bice Masperi. 250 $a2. ed. riveduta. 260 $aBrescia :$bMorcelliana,$c1939. 300 $a244 p. ;$c19 cm. 650 4$aMeditazioni.$0(OLS)http://semarc/subject/1352 700 1 $aMasperi, Bice.$0(OLS)http://semarc/name/35893 850 $aSeMil 852 $aSeMil$W1$xVenegono$y1$m2Q I 334$j38635$B38635$CSeMilBibl$Z2$F38638 $81 996 $6245$aDella conoscenza e del governo di sè$9(OLS)http://semarc/title/116864 996 $6260$aBrescia :$bMorcelliana$9(OLS)http://semarc/publisher/29629